000 00946nam0a22002531 4500
001 rc\4559684
005 20260406135550.0
021 _aRU
_b[61-963]
035 _a(NLR Aleph) 008645745
090 _a8970420
_c8970420
100 _a20130416d1960 |||y0rusy50 ca
101 0 _arus
102 _aRU
105 _aa z |||||
200 1 _a[Обзор работы театра, состав труппы и репертуар на 1960-1961 гг.]
_fЛенингр. гос. театр им. Ленинского комсомола
210 _aЛенинград
_cБ. и.
_d1960
215 _a22, [26] с.
_cил.
_d29
606 _aДраматические театры
_yЛенинград
_2psbo
710 0 2 _aЛенинградский театр им. Ленинского комсомола
_3RU\NLR\AUTH\889918533
_9333180
801 0 _aRU
_bNLR
_gpsbo
801 1 _aRU
_bELAR
_2rusmarc
852 _aNLR
_j61-8/56
942 _cBOOK
980 _aNB